000 00723nam a2200181 i 4500
001 21831
003 ES-MaACL
005 20250514194820.0
007 t|
008 021128s1960 sp |||| | spa d
100 1 _aAleixandre, Vicente,
_d1898-1984
_919688
245 1 0 _aPoesías completas
_b: Ámbito ; Pasión de la tierra ; Espadas como labios ; La destrucción o el amor ; Mundo a solas ; Sombra del paraíso ; Nacimiento último ; Historia del corazón ; Poemas varios /
_cVicente Aleixandre ; prólogo de Carlos Bousoño.
260 _aMadrid :
_bAguilar,
_c1960.
300 _a865 p. ;
_c21 cm.
700 1 _aBousoño, Carlos,
_d1923-2015
_931032
852 _aES-MaACL
_jC-17650
999 _c21831
_d21831